000 00387 a2200157 4500
001 171268
020 _a
040 _cMagnum
100 _aVieira, Maria das Gracas
240 1 0 _aLer, entender, criar: lingua portuguesa - 6 serie
_lpor
245 1 0 _aLer, entender, criar: lingua portuguesa - 6 serie
362 0 _a1899
440 1 _aÁtica
697 _aPARADIDATICO
942 _cBK
999 _c171268
_d171268